Trace The Coast And International Borders Of Brazil - Statistics

General Stats
  • This quiz has been taken 192 times
  • The average score is 21 of 27
Answers on the Map
Answers color-coded by a green-red scale on the quiz's map according to % correct below.
 
Answer Stats
State % Correct
Pará
95%
Amapá
94%
Maranhão
86%
Rio Grande do Norte
85%
Ceará
82%
Piauí
81%
São Paulo
81%
Rio de Janeiro
80%
Alagoas
78%
Bahia
78%
Paraíba
78%
Pernambuco
78%
Espirito Santo
77%
Paraná
77%
Rio Grande do Sul
77%
Sergipe
76%
Santa Catarina
74%
Santa Catarina
74%
Paraná
73%
Acre
70%
Amazonas
70%
Mato Grosso do Sul
70%
Mato Grosso
69%
Rondônia
66%
Roraima
64%
Pará
60%
Amapá
58%
No matching quizzes found
Score Distribution
Percent of People with Each Score
Percentile by Number Answered
Your Score History
You have not taken this quiz